<?xml version="1.0" encoding="UTF-8"?>
<record
    xmlns:xsi="http://www.w3.org/2001/XMLSchema-instance"
    xsi:schemaLocation="http://www.loc.gov/MARC21/slim http://www.loc.gov/standards/marcxml/schema/MARC21slim.xsd"
    xmlns="http://www.loc.gov/MARC21/slim">

  <leader>01177nam a22001817a 4500</leader>
  <controlfield tag="003">OSt</controlfield>
  <controlfield tag="005">20250313141601.0</controlfield>
  <controlfield tag="008">250313b2024    dr acd|f p||to00| 0 spa d</controlfield>
  <datafield tag="040" ind1=" " ind2=" ">
    <subfield code="a">CGIP0037</subfield>
    <subfield code="b">spa</subfield>
    <subfield code="c">CGIP0037</subfield>
    <subfield code="e">rda</subfield>
  </datafield>
  <datafield tag="082" ind1=" " ind2=" ">
    <subfield code="a">372.072 3/I59</subfield>
    <subfield code="2">21</subfield>
  </datafield>
  <datafield tag="110" ind1=" " ind2=" ">
    <subfield code="a">El Instituto Dominicano de Evaluaci&#xF3;n e Investigaci&#xF3;n de la Calidad Educativa (IDEICE)</subfield>
  </datafield>
  <datafield tag="245" ind1=" " ind2=" ">
    <subfield code="a">Evaluaci&#xF3;n Diagn&#xF3;stica Nacional Tercer Grado de Primaria 2022: </subfield>
    <subfield code="b">Condiciones familiares y relaci&#xF3;n con la escuela</subfield>
    <subfield code="c">El Instituto Dominicano de Evaluaci&#xF3;n e Investigaci&#xF3;n de la Calidad Educativa (IDEICE)Santo Domingo:</subfield>
  </datafield>
  <datafield tag="260" ind1=" " ind2=" ">
    <subfield code="a">Santo Domingo :</subfield>
    <subfield code="b">El Instituto Dominicano de Evaluaci&#xF3;n e Investigaci&#xF3;n de la Calidad Educativa (IDEICE)</subfield>
    <subfield code="c">2024</subfield>
  </datafield>
  <datafield tag="300" ind1=" " ind2=" ">
    <subfield code="a">3p.</subfield>
  </datafield>
  <datafield tag="520" ind1=" " ind2=" ">
    <subfield code="a">Las Evaluaciones Diagn&#xF3;sticas Nacionales de Tercero y Sexto Grado de Primaria del 2022, tienen sus antecedentes en la Prueba Diagn&#xF3;stica de Tercer Grado realizada en el a&#xF1;o 2017, y la de Sexto Grado de Primaria en 2018. </subfield>
  </datafield>
  <datafield tag="856" ind1=" " ind2=" ">
    <subfield code="u">https://ideice.gob.do/documentacion/publicaciones-id-p1-209-evaluacion-diagnostica-nacional-tercer-grado-de-primaria-2022-condiciones-familiares-y-relacion-con-la-escuela</subfield>
  </datafield>
  <datafield tag="942" ind1=" " ind2=" ">
    <subfield code="2">ddc</subfield>
    <subfield code="c">FOL</subfield>
    <subfield code="n">0</subfield>
  </datafield>
  <datafield tag="999" ind1=" " ind2=" ">
    <subfield code="c">12518</subfield>
    <subfield code="d">12518</subfield>
  </datafield>
  <datafield tag="952" ind1=" " ind2=" ">
    <subfield code="0">0</subfield>
    <subfield code="1">0</subfield>
    <subfield code="2">ddc</subfield>
    <subfield code="4">0</subfield>
    <subfield code="7">0</subfield>
    <subfield code="a">RI</subfield>
    <subfield code="b">RI</subfield>
    <subfield code="d">2025-03-13</subfield>
    <subfield code="l">0</subfield>
    <subfield code="o">https://ideice.gob.do/documentacion/publicaciones-id-p1-209-evaluacion-diagnostica-nacional-tercer-grado-de-primaria-2022-condiciones-familiares-y-relacion-con-la-escuela</subfield>
    <subfield code="r">2025-03-13 14:19:11</subfield>
    <subfield code="w">2025-03-13</subfield>
    <subfield code="y">FOL</subfield>
  </datafield>
</record>
